| 000 | 00567nam a2200181Ia 4500 | ||
|---|---|---|---|
| 008 | 090123s9999 xx 000 0 und d | ||
| 082 |
_b7078 _a891.463/ढसाळ |
||
| 100 | _aढसाळ नामदेव | ||
| 245 | _aहाडकी हाडवळा | ||
| 250 | _a1 | ||
| 260 | _bअस्मिता प्रकाशन | ||
| 300 | _a126 | ||
| 600 | _aढसाळ नामदेव | ||
| 630 | _aहाडकी हाडवळा | ||
| 700 | _aढसाळ नामदेव | ||
| 730 | _aहाडकी हाडवळा | ||
| 942 | _cBOOK | ||
| 999 |
_c45143 _d45143 |
||